Statistics for Celebrity Beauty Brands

Click here to take the quiz!

General Stats

  • This quiz has been taken 24 times
  • The average score is 9 of 55

Answer Stats

BrandCelebrity% Correct
Fenty BeautyRihanna
85%
K_____ CosmeticsKylie Jenner
80%
Rare BeautySelena Gomez
80%
R.E.M. BeautyAriana Grande
60%
SKKNKim Kardashian
60%
Haus LabsLady Gaga
60%
Rhode SkinHailey Bieber
55%
Florence by _____Millie Bobby Brown
55%
Goop BeautyGwyneth Paltrow
30%
Keys SoulcareAlicia Keys
20%
Flower BeautyDrew Barrymore
20%
LemmeKourtney Kardashian
20%
CécredBeyoncé
15%
LolaVieJennifer Aniston
15%
Honest BeautyJessica Alba
15%
Kora OrganicsJessica Alba
15%
JVN HairJonathan Van Ness
15%
The OutsetScarlett Johansson
15%
OAM SkinCiara
10%
Meaningful BeautyCindy Crawford
10%
HomecourtCourtney Cox
10%
GXVE BeautyGwen Stefani
10%
About-FaceHalsey
10%
PleasingHarry Styles
10%
S’Able LabsIdris Elba
10%
Sienna NaturalsIssa Rae
10%
AnomalyPriyanka Chopra
10%
Rose Inc.Rosie Huntington-Whitely
10%
TPH by ______Taraji P. Henson
10%
OrebellaBella Hadid
5%
Le DomaineBrad Pitt
5%
Gogo SkincareCarmen Electra
5%
BlesswellDJ Khaled
5%
Better World Fragrance HouseDrake
5%
PapatuiDwayne “The Rock” Johnson
5%
Bad HabitEmma Chamberlain
5%
FlawlessGabrielle Union
5%
Good Dye YoungHayley Williams
5%
Pattern BeautyHayley Williams
5%
Hey HumansJada Pinkett Smith
5%
Henry RoseMichelle Pfieffer
5%
StripesNaomi Watts
5%
HumanracePharrell Williams
5%
Cay SkinWinnie Harlow
5%
WellecoElle MacPherson
0%
Kind ScienceEllen Degeneres
0%
Loved01John Legend
0%
Uncommon BeautyKristen Cavalleri
0%
MDNA SkinMadonna
0%
KINLÒNaomi Osaka
0%
SourseSarah Hyland
0%
Guide BeautySelma Blair
0%
Golf le FleurTyler the Creator
0%
Know BeautyVanessa Hudgens
0%
EleVenVenus Williams
0%

Score Distribution

Percentile by Number Answered

Percent of People with Each Score

Your Score History

You have not taken this quiz